000 01017nam a2200229Ii 4500
003 JO-AjNU
008 230605s9999||||xx |||||||||||||| ||und||
017 _a2014/8/3801
020 _a978-9957-530-74-7
040 _aJO-AjNU
_bara
_erda
_cJO-AjNU
041 _aara
050 1 4 _aJC599.J67.B365.2016
100 3 _aبني عطا، مالك محمد حسين,
_eauthor
_953287
245 0 0 _aالموسوعة الأردنية لحقوق الإنسان
250 _aط1
264 3 1 _aعمان : دار أمجد للنشر، 2016
300 _a653ص
_bيشتمل على ببلوغرافية ص (619 -644 )
336 _atext
_btxt
_2rdacontent
337 _aunmediated
_bn
_2rdamedia
338 _avolume
_bnc
_2rdacarrier
650 4 _aحقوق الإنسان -- الأردن --حقوق الإنسان -- قوانين و تشريعات -- الأردن--حقوق الإنسان (قانون دولي)-- التشريعات الاجتماعية -- الأردن -- حقوق الإنسان (قانون دولي)
_953288
999 _aA23656
_c27224
_d27224